[Event "Sherbrooke op-C"]
[Site "Sherbrooke CAN"]
[Date "2008.05.23"]
[Round "1"]
[White "Soskic, Milan"]
[Black "Bilodeau Savaria, Cendrina"]
[Result "1-0"]
[WhiteElo "1286"]
[BlackElo "986"]
[PlyCount "89"]
[GameId "2160767910354665"]
[EventDate "2008.05.23"]
[EventType "swiss"]
[EventRounds "5"]
[EventCountry "CAN"]
[SourceTitle "EXT 2011"]
[Source "ChessBase"]
[SourceDate "2011.11.26"]
[SourceVersion "1"]
[SourceVersionDate "2011.11.26"]
[SourceQuality "1"]

1. d4 Nf6 2. c4 g6 3. Nc3 Bg7 4. Nf3 d6 5. e3 O-O 6. Bd3 Re8 7. O-O Nbd7 8. Qe2 e5 9. Bb1 c5 10. d5 a6 11. e4 Nb6 12. b3 h6 13. h3 Bd7 14. Nh2 Rc8 15. f4 exf4 16. Bb2 Qe7 17. Rxf4 g5 18. Rf1 Nh7 19. Qc2 Bxc3 20. Qxc3 Qe5 21. Qc2 Qe7 22. Qc3 Qe5 23. Qc2 Qe7 24. Qf2 Rf8 25. Bc2 Rce8 26. Rae1 f6 27. Ba1 Rc8 28. Qe2 Rce8 29. Qf2 Rc8 30. Qe2 Rce8 31. Qf2 Qf7 32. Ng4 Bxg4 33. hxg4 Qd7 34. Qf3 Rd8 35. Qh3 Kg7 36. Rf5 Rf7 37. Ref1 Rdf8 38. R1f3 a5 39. Qh5 a4 40. Rh3 Re7 41. Qxh6+ Kf7 42. Qxh7+ Ke8 43. Qg6+ Kd8 44. Bxf6 Rxf6 45. Qxf6 1-0

[Event "Sherbrooke op-C"]
[Site "Sherbrooke CAN"]
[Date "2008.05.23"]
[Round "1"]
[White "Straehl, Patrick"]
[Black "St Vincent Gagne, Felix"]
[Result "1/2-1/2"]
[WhiteElo "1368"]
[BlackElo "1191"]
[PlyCount "102"]
[GameId "2160767910354666"]
[EventDate "2008.05.23"]
[EventType "swiss"]
[EventRounds "5"]
[EventCountry "CAN"]
[SourceTitle "EXT 2011"]
[Source "ChessBase"]
[SourceDate "2011.11.26"]
[SourceVersion "1"]
[SourceVersionDate "2011.11.26"]
[SourceQuality "1"]

1. d4 d5 2. c4 c6 3. Nc3 e6 4. e3 Nf6 5. Nf3 Bd6 6. Bd3 O-O 7. c5 Bc7 8. O-O Nbd7 9. Bd2 Re8 10. b4 a6 11. Re1 e5 12. e4 exd4 13. Nxd4 Be5 14. Nf3 Bxc3 15. Bxc3 dxe4 16. Bc4 exf3 17. Qb3 Nd5 18. Red1 N7f6 19. gxf3 Be6 20. Kh1 Qe7 21. Be5 Rad8 22. Rg1 Rd7 23. Qb2 Kh8 24. Rg3 Rdd8 25. Rag1 Rg8 26. h4 Nc7 27. Bd6 Qd7 28. Bd3 Nb5 29. Be5 Qe7 30. Be4 Bd5 31. Bxd5 cxd5 32. h5 h6 33. f4 Nc7 34. f5 Nb5 35. f4 Nc7 36. Bxc7 Qxc7 37. Rxg7 Qe7 38. Qg2 Qe4 39. Qxe4 dxe4 40. Rxf7 Rxg1+ 41. Kxg1 Nxh5 42. Rxb7 Nxf4 43. c6 Rc8 44. c7 Kg7 45. Kf2 Nd5 46. b5 axb5 47. Rxb5 Nxc7 48. Rc5 Kf6 49. Ke3 Kg5 50. Kxe4 Re8+ 51. Kf3 Na6 1/2-1/2

[Event "Sherbrooke op-C"]
[Site "Sherbrooke CAN"]
[Date "2008.05.24"]
[Round "2"]
[White "Beaudry, Marc-Andre"]
[Black "Lafleur, Sebastien"]
[Result "1-0"]
[WhiteElo "1450"]
[BlackElo "1097"]
[PlyCount "81"]
[GameId "2160767910354667"]
[EventDate "2008.05.23"]
[EventType "swiss"]
[EventRounds "5"]
[EventCountry "CAN"]

1. e4 b6 2. d4 Bb7 3. Nc3 e6 4. Nf3 Bb4 5. Bd3 Nf6 6. Qe2 Bxc3+ 7. bxc3 d6 8. Bg5 h6 9. Bd2 O-O 10. O-O Nbd7 11. Rad1 d5 12. e5 Ne4 13. Bxe4 dxe4 14. Ne1 c5 15. Qg4 Kh7 16. f3 f5 17. Qh3 Bd5 18. f4 Bxa2 19. g3 Bd5 20. Ng2 b5 21. Ne3 Bc6 22. Bc1 Qb6 23. Rf2 a5 24. d5 exd5 25. Nxd5 Bxd5 26. Rxd5 Rad8 27. Rd6 Qa7 28. Be3 a4 29. Rfd2 a3 30. Qf1 a2 31. Qa1 Qa8 32. e6 Rf6 33. Rxd7 Rxd7 34. exd7 Qd8 35. Qxa2 Rc6 36. Qd5 Rc7 37. Qxf5+ Kh8 38. Bxc5 e3 39. Bxe3 Rxc3 40. Bd4 Rc7 41. Bb6 1-0

[Event "Sherbrooke op-C"]
[Site "Sherbrooke CAN"]
[Date "2008.05.24"]
[Round "2"]
[White "Beauregard, Pascal"]
[Black "Bourassa, Louis"]
[Result "1-0"]
[WhiteElo "1288"]
[BlackElo "1226"]
[PlyCount "67"]
[GameId "2160767910354668"]
[EventDate "2008.05.23"]
[EventType "swiss"]
[EventRounds "5"]
[EventCountry "CAN"]
[SourceTitle "EXT 2011"]
[Source "ChessBase"]
[SourceDate "2011.11.26"]
[SourceVersion "1"]
[SourceVersionDate "2011.11.26"]
[SourceQuality "1"]

1. e4 e5 2. Nf3 Nf6 3. Nxe5 d6 4. Nf3 Nxe4 5. d4 d5 6. Bd3 Bd6 7. O-O O-O 8. Nbd2 Re8 9. Re1 Nf6 10. c3 c6 11. Qc2 Rxe1+ 12. Nxe1 Qc7 13. Ndf3 Bg4 14. Bg5 Nbd7 15. h3 Bh5 16. Nh4 h6 17. Be3 Re8 18. Nef3 Bxf3 19. Nxf3 Ne4 20. c4 Ndf6 21. Rc1 Rc8 22. Nh4 Bf4 23. Nf5 Bxe3 24. Nxe3 Qf4 25. cxd5 c5 26. Bxe4 Nxe4 27. Re1 Rc7 28. Nc4 f5 29. Ne5 cxd4 30. Rxe4 Qxe5 31. Rxe5 Rxc2 32. d6 d3 33. d7 Re2 34. d8=Q+ 1-0

[Event "Sherbrooke op-C"]
[Site "Sherbrooke CAN"]
[Date "2008.05.24"]
[Round "2"]
[White "Belanger, Christopher"]
[Black "Breton, Jules"]
[Result "1/2-1/2"]
[WhiteElo "1338"]
[BlackElo "1248"]
[PlyCount "84"]
[GameId "2160767910354669"]
[EventDate "2008.05.23"]
[EventType "swiss"]
[EventRounds "5"]
[EventCountry "CAN"]
[SourceTitle "EXT 2011"]
[Source "ChessBase"]
[SourceDate "2011.11.26"]
[SourceVersion "1"]
[SourceVersionDate "2011.11.26"]
[SourceQuality "1"]

1. e4 c5 2. Nf3 d6 3. c3 Nf6 4. Be2 Nxe4 5. Qa4+ Nc6 6. Qxe4 e6 7. d4 d5 8. Qd3 c4 9. Qd1 Be7 10. Bf4 h6 11. b3 b5 12. a4 b4 13. bxc4 bxc3 14. c5 a6 15. Nxc3 O-O 16. O-O f6 17. Qb3 g5 18. Bg3 f5 19. Be5 g4 20. Nd2 Nxe5 21. dxe5 Bxc5 22. Kh1 Qc7 23. f4 Rb8 24. Nxd5 exd5 25. Qxd5+ Kh8 26. Rac1 Rd8 27. Rxc5 Rxd5 28. Rxc7 Rxd2 29. Rd1 Rxd1+ 30. Bxd1 Bb7 31. e6 Kg8 32. e7 Kf7 33. h3 h5 34. hxg4 hxg4 35. Bb3+ Ke8 36. a5 Bxg2+ 37. Kxg2 Rxb3 38. Rc5 Kxe7 39. Rxf5 Ra3 40. Rd5 Ke6 41. Rg5 Kf6 42. Rc5 Ke7 1/2-1/2

[Event "Sherbrooke op-C"]
[Site "Sherbrooke CAN"]
[Date "2008.05.24"]
[Round "2"]
[White "Belanger, Priscillia"]
[Black "Allard dos Santos, Alexandre"]
[Result "0-1"]
[WhiteElo "1068"]
[BlackElo "1208"]
[PlyCount "64"]
[GameId "2160767910354670"]
[EventDate "2008.05.23"]
[EventType "swiss"]
[EventRounds "5"]
[EventCountry "CAN"]
[SourceTitle "EXT 2011"]
[Source "ChessBase"]
[SourceDate "2011.11.26"]
[SourceVersion "1"]
[SourceVersionDate "2011.11.26"]
[SourceQuality "1"]

1. e4 e5 2. Nf3 Nc6 3. Nc3 Bc5 4. Bb5 d6 5. O-O f5 6. exf5 Bxf5 7. d3 Nf6 8. Bg5 O-O 9. Nd5 Kh8 10. Nxf6 gxf6 11. Bh6 Rg8 12. Nh4 Bg4 13. Qd2 f5 14. g3 Bh3 15. Rfe1 Qxh4 16. Bc4 Rg6 17. Be3 Nd4 18. Bxd4 Bxd4 19. c3 Bc5 20. b4 Bb6 21. a4 a6 22. a5 Ba7 23. Kh1 Qg5 24. Qxg5 Rxg5 25. Re2 c6 26. Be6 Re8 27. Bd7 Re7 28. f4 Rgg7 29. Bc8 exf4 30. Rxe7 Rxe7 31. gxf4 Re2 32. Rg1 Bg2+ 0-1

[Event "Sherbrooke op-C"]
[Site "Sherbrooke CAN"]
[Date "2008.05.24"]
[Round "2"]
[White "Bilodeau, Vincent"]
[Black "Senecal, Jean-Pierre"]
[Result "0-1"]
[WhiteElo "1279"]
[BlackElo "1343"]
[PlyCount "44"]
[GameId "2160767910354671"]
[EventDate "2008.05.23"]
[EventType "swiss"]
[EventRounds "5"]
[EventCountry "CAN"]
[SourceTitle "EXT 2011"]
[Source "ChessBase"]
[SourceDate "2011.11.26"]
[SourceVersion "1"]
[SourceVersionDate "2011.11.26"]
[SourceQuality "1"]

1. e4 e5 2. Nf3 d6 3. Bc4 Be7 4. Nc3 Nf6 5. O-O a6 6. a3 O-O 7. d4 exd4 8. Nxd4 b5 9. Bd5 Nxd5 10. exd5 Bf6 11. Nce2 Bb7 12. Nf4 Re8 13. c3 Nd7 14. Be3 Be5 15. Nf3 Bf6 16. Nh5 Ne5 17. Nxf6+ Qxf6 18. Ng5 Qf5 19. Qd4 h6 20. Nf3 Nxf3+ 21. gxf3 Bxd5 22. f4 Qg4# 0-1

[Event "Sherbrooke op-C"]
[Site "Sherbrooke CAN"]
[Date "2008.05.24"]
[Round "2"]
[White "Guo, Forest"]
[Black "Olivier, Luc"]
[Result "1/2-1/2"]
[WhiteElo "1243"]
[BlackElo "1290"]
[PlyCount "82"]
[GameId "2160767910354674"]
[EventDate "2008.05.23"]
[EventType "swiss"]
[EventRounds "5"]
[EventCountry "CAN"]
[SourceTitle "EXT 2011"]
[Source "ChessBase"]
[SourceDate "2011.11.26"]
[SourceVersion "1"]
[SourceVersionDate "2011.11.26"]
[SourceQuality "1"]

1. e4 e5 2. Nf3 Nc6 3. Bb5 a6 4. Ba4 d6 5. O-O Nf6 6. d3 Be7 7. h3 b5 8. Bb3 Na5 9. Nc3 Nxb3 10. axb3 O-O 11. Nxb5 Bb7 12. Nc3 c5 13. Ne2 Qc7 14. c4 Nd7 15. Ng3 Bc8 16. Nf5 Bd8 17. Bg5 Nf6 18. Qd2 Bxf5 19. exf5 Qd7 20. g4 Qc6 21. Nh2 Rb8 22. Ra3 a5 23. Rfa1 Rb4 24. Bxf6 gxf6 25. Qh6 Re8 26. g5 Kh8 27. g6 fxg6 28. fxg6 Rb7 29. h4 Rg7 30. h5 Qd7 31. Nf1 Qf5 32. Ng3 Qg4 33. Kh2 Qh4+ 34. Kg2 Qg4 35. f3 Qd7 36. Ne4 Qe6 37. Rg1 Ree7 38. Kf2 Rb7 39. Qd2 Rbd7 40. f4 Qf5 41. Kf3 Qxh5+ 1/2-1/2

[Event "Sherbrooke op-C"]
[Site "Sherbrooke CAN"]
[Date "2008.05.24"]
[Round "2"]
[White "Leclerc, Luc-Olivier"]
[Black "Luo, Alan"]
[Result "1-0"]
[WhiteElo "1099"]
[BlackElo "789"]
[PlyCount "90"]
[GameId "2160767910354675"]
[EventDate "2008.05.23"]
[EventType "swiss"]
[EventRounds "5"]
[EventCountry "CAN"]
[SourceTitle "EXT 2011"]
[Source "ChessBase"]
[SourceDate "2011.11.26"]
[SourceVersion "1"]
[SourceVersionDate "2011.11.26"]
[SourceQuality "1"]

1. f4 d5 2. Nf3 Nc6 3. e3 Bg4 4. Nc3 e5 5. h3 Bh5 6. g4 Bg6 7. f5 e4 8. fxg6 exf3 9. gxf7+ Kxf7 10. Qxf3+ Nf6 11. g5 Ne5 12. Qf2 Be7 13. gxf6 Bxf6 14. b3 Rf8 15. d4 Nc6 16. Nxd5 Qxd5 17. Bc4 Ke6 18. Bxd5+ Kxd5 19. Qf5+ Kd6 20. Ba3+ Nb4 21. Bxb4+ Kc6 22. c4 Bh4+ 23. Ke2 Rxf5 24. d5+ Kd7 25. Raf1 Rxf1 26. Rxf1 Rg8 27. Rf7+ Kc8 28. Bc3 g6 29. Rxh7 Bg5 30. Rh8 Rxh8 31. Bxh8 Kd7 32. e4 Kd6 33. Bd4 b6 34. e5+ Ke7 35. e6 a6 36. Be5 Kd8 37. Kf3 Kc8 38. Bg7 Be7 39. Ke4 b5 40. cxb5 axb5 41. Ke5 Kb7 42. Bf6 Bd6+ 43. Kd4 Kc8 44. Ke4 Bg3 45. Kf3 Bd6 1-0

[Event "Sherbrooke op-C"]
[Site "Sherbrooke CAN"]
[Date "2008.05.24"]
[Round "2"]
[White "Pelosse, Jacques"]
[Black "Straehl, Patrick"]
[Result "0-1"]
[WhiteElo "1225"]
[BlackElo "1368"]
[PlyCount "138"]
[GameId "2160767910354676"]
[EventDate "2008.05.23"]
[EventType "swiss"]
[EventRounds "5"]
[EventCountry "CAN"]
[SourceTitle "EXT 2011"]
[Source "ChessBase"]
[SourceDate "2011.11.26"]
[SourceVersion "1"]
[SourceVersionDate "2011.11.26"]
[SourceQuality "1"]

1. d4 Nf6 2. Nc3 g6 3. e4 d6 4. h3 Bg7 5. Be3 O-O 6. Qd2 Nbd7 7. f4 e5 8. dxe5 dxe5 9. f5 a6 10. g4 b6 11. O-O-O Bb7 12. Bd3 Nc5 13. Bxc5 bxc5 14. Qe2 Qe7 15. Nf3 Rfd8 16. Bc4 Rd6 17. Rhe1 Rad8 18. fxg6 hxg6 19. Rxd6 Rxd6 20. Rd1 Rxd1+ 21. Kxd1 Qd6+ 22. Kc1 Bc8 23. Qd1 Qc6 24. Ng5 Be6 25. Nxe6 fxe6 26. Qd8+ Kh7 27. Qd3 Bh6+ 28. Kb1 a5 29. Qe2 Qd7 30. Bd3 c6 31. Qf3 c4 32. Bxc4 Nxe4 33. Qe2 Qd2 34. Qf1 Nxc3+ 35. bxc3 Qd7 36. Qd3 Qb7+ 37. Ka1 Bc1 38. Bb3 a4 39. Qd1 Ba3 40. Qe1 axb3 41. cxb3 Bd6 42. Qh4+ Kg7 43. g5 Qf7 44. Qe1 Qf4 45. h4 Ba3 46. Qd1 Qc1+ 47. Qxc1 Bxc1 48. Kb1 Bf4 49. a4 Bg3 50. a5 Bxh4 51. a6 Bf2 52. b4 Ba7 53. c4 e4 54. c5 Kf7 55. Kc2 e5 56. Kd2 Ke6 57. Ke2 Kd5 58. Ke3 Kc4 59. Kxe4 Kxb4 60. Kxe5 Kxc5 61. Kf6 Kb6 62. Kxg6 Kxa6 63. Kf5 Bd4 64. Ke4 c5 65. Kd3 Kb5 66. g6 Kb4 67. Kc2 c4 68. Kb1 Kb3 69. Kc1 c3 0-1

[Event "Sherbrooke op-C"]
[Site "Sherbrooke CAN"]
[Date "2008.05.24"]
[Round "2"]
[White "Roussel, Alexandre"]
[Black "Gareau, Jacques"]
[Result "0-1"]
[WhiteElo "938"]
[BlackElo "1353"]
[PlyCount "112"]
[GameId "2160767910354677"]
[EventDate "2008.05.23"]
[EventType "swiss"]
[EventRounds "5"]
[EventCountry "CAN"]
[SourceTitle "EXT 2011"]
[Source "ChessBase"]
[SourceDate "2011.11.26"]
[SourceVersion "1"]
[SourceVersionDate "2011.11.26"]
[SourceQuality "1"]

1. e4 c5 2. Bc4 e6 3. Nc3 a6 4. Nf3 b5 5. Bb3 c4 6. Bxc4 bxc4 7. d3 cxd3 8. cxd3 Bb7 9. O-O g6 10. Bf4 Nc6 11. e5 h6 12. h3 g5 13. Bh2 Nge7 14. Ne4 Nd5 15. Nd6+ Bxd6 16. exd6 Qf6 17. Qe2 Nf4 18. Bxf4 gxf4 19. Rac1 O-O 20. Rfe1 Kh8 21. Ne5 Rg8 22. f3 Rad8 23. Nxc6 dxc6 24. Qe5 Qxe5 25. Rxe5 Rg5 26. Re4 Rf5 27. Rd4 c5 28. Rdc4 Rxd6 29. Rxc5 Rxc5 30. Rxc5 Rxd3 31. Rc3 Rxc3 32. bxc3 f5 33. Kf2 h5 34. g3 Bd5 35. a3 Kg7 36. gxf4 h4 37. Ke3 Kf6 38. Kd4 Bxf3 39. c4 Ke7 40. Kc5 Be2 41. a4 Kd7 42. a5 Kc7 43. Kb4 Kc6 44. Kc3 Bf1 45. Kd4 Bxh3 46. Kc3 Bf1 47. Kb4 h3 48. Kc3 h2 49. Kd4 h1=Q 50. Ke5 Bxc4 51. Kd4 Qd5+ 52. Ke3 Qd3+ 53. Kf2 Bd5 54. Ke1 Qc2 55. Kf1 Qd2 56. Kg1 Qg2# 0-1

[Event "Sherbrooke op-C"]
[Site "Sherbrooke CAN"]
[Date "2008.05.24"]
[Round "2"]
[White "Thomsen, Gunther"]
[Black "Remillard, Pierre"]
[Result "1/2-1/2"]
[WhiteElo "1063"]
[BlackElo "1397"]
[PlyCount "113"]
[GameId "2160767910354679"]
[EventDate "2008.05.23"]
[EventType "swiss"]
[EventRounds "5"]
[EventCountry "CAN"]
[SourceTitle "EXT 2011"]
[Source "ChessBase"]
[SourceDate "2011.11.26"]
[SourceVersion "1"]
[SourceVersionDate "2011.11.26"]
[SourceQuality "1"]

1. g3 d5 2. d4 Nf6 3. e3 g6 4. c4 e6 5. c5 a6 6. Nf3 Nc6 7. a3 b5 8. cxb6 cxb6 9. Bd2 Ne4 10. Bc1 Bg7 11. Be2 O-O 12. O-O b5 13. h4 Qc7 14. Ng5 Nxg3 15. Re1 h6 16. Nh3 Nxe2+ 17. Qxe2 e5 18. Qf3 e4 19. Qg2 Na5 20. Nc3 Be6 21. Nf4 Kh7 22. Nfxd5 Bxd5 23. Nxd5 Qd6 24. Qxe4 Rae8 25. Qg2 Qd8 26. Bd2 Nb3 27. Rad1 Nxd2 28. Rxd2 Qxh4 29. Nc7 Re4 30. Kf1 Rg4 31. Qf3 h5 32. d5 Qh2 33. Nxa6 Rg1+ 34. Ke2 Rxe1+ 35. Kxe1 Qg1+ 36. Ke2 Qc1 37. d6 Qc4+ 38. Ke1 Bxb2 39. d7 Rd8 40. Nc5 Kg7 41. Ne4 f5 42. Nd6 Qc1+ 43. Qd1 Qxd1+ 44. Kxd1 Bxa3 45. Nb7 Be7 46. Nxd8 Bxd8 47. Rb2 h4 48. Rxb5 Kf7 49. Ke2 Ke7 50. Rd5 Ke6 51. Rd1 g5 52. f3 g4 53. fxg4 fxg4 54. Rg1 g3 55. Kf3 Kxd7 56. Rxg3 hxg3 57. Kxg3 1/2-1/2

[Event "Sherbrooke op-C"]
[Site "Sherbrooke CAN"]
[Date "2008.05.24"]
[Round "2"]
[White "Viens, Nicolas"]
[Black "Soskic, Milan"]
[Result "1/2-1/2"]
[WhiteElo "1350"]
[BlackElo "1286"]
[PlyCount "93"]
[GameId "2160767910354680"]
[EventDate "2008.05.23"]
[EventType "swiss"]
[EventRounds "5"]
[EventCountry "CAN"]
[SourceTitle "EXT 2011"]
[Source "ChessBase"]
[SourceDate "2011.11.26"]
[SourceVersion "1"]
[SourceVersionDate "2011.11.26"]
[SourceQuality "1"]

1. c4 Nf6 2. Nc3 g6 3. d4 Bg7 4. e4 d6 5. Nf3 O-O 6. Be2 Nbd7 7. O-O b6 8. Re1 Bb7 9. Bd3 a6 10. Qc2 c6 11. Bg5 h6 12. Be3 Ng4 13. Bd2 e5 14. d5 Nc5 15. h3 Nf6 16. Bf1 g5 17. b4 Ncd7 18. Qc1 Nh7 19. Re3 Ndf6 20. Nh2 Nh5 21. Qd1 N7f6 22. Be2 Nf4 23. Rg3 Nxe2+ 24. Qxe2 Nh7 25. Ng4 c5 26. bxc5 bxc5 27. h4 f6 28. hxg5 fxg5 29. Nd1 Bc8 30. Nde3 Ra7 31. Rf3 Raf7 32. Rxf7 Rxf7 33. f3 Nf6 34. Nxf6+ Rxf6 35. Rb1 Rf7 36. g4 Rb7 37. Qd1 Rxb1 38. Qxb1 Qc7 39. Qc2 Bd7 40. Qb3 Bf8 41. Nf1 Be7 42. Ng3 Bf8 43. Nh5 Be7 44. Ng3 Bf8 45. Kf2 a5 46. a3 a4 47. Qb2 1/2-1/2

[Event "Sherbrooke op-C"]
[Site "Sherbrooke CAN"]
[Date "2008.05.24"]
[Round "3"]
[White "Allard dos Santos, Alexandre"]
[Black "Belanger, Christopher"]
[Result "0-1"]
[WhiteElo "1208"]
[BlackElo "1338"]
[PlyCount "66"]
[GameId "2160767910354681"]
[EventDate "2008.05.23"]
[EventType "swiss"]
[EventRounds "5"]
[EventCountry "CAN"]
[SourceTitle "EXT 2011"]
[Source "ChessBase"]
[SourceDate "2011.11.26"]
[SourceVersion "1"]
[SourceVersionDate "2011.11.26"]
[SourceQuality "1"]

1. Nf3 c5 2. c3 e6 3. d4 d5 4. Bf4 Nc6 5. e3 Nf6 6. Bd3 cxd4 7. cxd4 Nb4 8. Nc3 Nxd3+ 9. Qxd3 Bd7 10. Ne5 Nh5 11. Bg3 Nxg3 12. fxg3 Be7 13. O-O O-O 14. Nxd7 Qxd7 15. e4 dxe4 16. Qxe4 f5 17. Qe3 Bf6 18. Rad1 Rfe8 19. Qf2 g6 20. g4 Rad8 21. d5 Bxc3 22. dxe6 Qxd1 23. bxc3 Qxg4 24. h3 Qa4 25. g4 Rxe6 26. gxf5 Rf6 27. Qc5 Qc6 28. Qe7 Rdf8 29. Kh2 Qd6+ 30. Qxd6 Rxd6 31. a4 Rxf5 32. Rb1 b6 33. c4 Rd4 0-1

[Event "Sherbrooke op-C"]
[Site "Sherbrooke CAN"]
[Date "2008.05.24"]
[Round "3"]
[White "Beaudry, Marc-Andre"]
[Black "Guo, Forest"]
[Result "0-1"]
[WhiteElo "1450"]
[BlackElo "1243"]
[PlyCount "88"]
[GameId "2160767910354682"]
[EventDate "2008.05.23"]
[EventType "swiss"]
[EventRounds "5"]
[EventCountry "CAN"]

1. e4 c5 2. Nf3 d6 3. d4 cxd4 4. Nxd4 Nf6 5. Nc3 a6 6. Be2 b5 7. b4 Bb7 8. Bf3 Nbd7 9. e5 Bxf3 10. Nxf3 Nxe5 11. Nxe5 dxe5 12. Qf3 e6 13. a3 Nd5 14. O-O Nxc3 15. Qxc3 Bd6 16. Qc6+ Ke7 17. Bg5+ f6 18. Be3 Qc7 19. Qe4 Kf7 20. g4 g5 21. Rac1 Rac8 22. Rfd1 Qc6 23. Qd3 Be7 24. Bc5 Bxc5 25. bxc5 Qxc5 26. Qf3 Qc6 27. Qh3 Kg7 28. Rd2 Rhd8 29. Rcd1 Rxd2 30. Rxd2 Qb7 31. Qb3 Qc6 32. Qb4 Rc7 33. Rd8 Rf7 34. c3 Qc4 35. Qa5 Qxg4+ 36. Kf1 Qa4 37. Qb6 Qxa3 38. Qxe6 Qe7 39. Qb6 Qc7 40. Rb8 Qxb6 41. Rxb6 Rc7 42. Rxa6 Rxc3 43. Ke1 Rc2 44. Rb6 Rb2 0-1

[Event "Sherbrooke op-C"]
[Site "Sherbrooke CAN"]
[Date "2008.05.24"]
[Round "3"]
[White "Beauregard, Pascal"]
[Black "Senecal, Jean-Pierre"]
[Result "1/2-1/2"]
[WhiteElo "1288"]
[BlackElo "1343"]
[PlyCount "89"]
[GameId "2160767910354683"]
[EventDate "2008.05.23"]
[EventType "swiss"]
[EventRounds "5"]
[EventCountry "CAN"]
[SourceTitle "EXT 2011"]
[Source "ChessBase"]
[SourceDate "2011.11.26"]
[SourceVersion "1"]
[SourceVersionDate "2011.11.26"]
[SourceQuality "1"]

1. e4 e6 2. Nf3 d5 3. e5 c5 4. d4 Nc6 5. c3 Qb6 6. Na3 a6 7. Nc2 cxd4 8. cxd4 Nge7 9. Be2 Nf5 10. O-O Be7 11. g4 Nh4 12. Nxh4 Bxh4 13. a3 Qd8 14. Qd2 O-O 15. b4 b5 16. Qf4 f6 17. Qe3 fxe5 18. dxe5 Bd7 19. f4 Be7 20. Bd3 a5 21. Bb2 axb4 22. Bxb5 bxa3 23. Bxa3 Rxa3 24. Rxa3 Bxa3 25. Nxa3 Qe7 26. Nc2 Rb8 27. Bd3 g6 28. g5 Rb3 29. Qe2 Qc5+ 30. Kh1 Nd4 31. Nxd4 Qxd4 32. Bc2 Rb2 33. Qd3 Qxd3 34. Bxd3 Bb5 35. Bxb5 Rxb5 36. Kg2 Kg7 37. Rd1 Rb4 38. Kf3 h6 39. h4 hxg5 40. hxg5 Rb7 41. Rd3 Rf7 42. Rd4 Rf5 43. Ke3 Rf7 44. Kd3 Rc7 45. Rb4 1/2-1/2

[Event "Sherbrooke op-C"]
[Site "Sherbrooke CAN"]
[Date "2008.05.24"]
[Round "3"]
[White "Bourassa, Louis"]
[Black "Bilodeau, Vincent"]
[Result "0-1"]
[WhiteElo "1226"]
[BlackElo "1279"]
[PlyCount "48"]
[GameId "2160767910354685"]
[EventDate "2008.05.23"]
[EventType "swiss"]
[EventRounds "5"]
[EventCountry "CAN"]
[SourceTitle "EXT 2011"]
[Source "ChessBase"]
[SourceDate "2011.11.26"]
[SourceVersion "1"]
[SourceVersionDate "2011.11.26"]
[SourceQuality "1"]

1. e4 e5 2. Nf3 Nc6 3. d4 exd4 4. c3 Nf6 5. e5 Nd5 6. Bc4 Nb6 7. Bb3 d6 8. exd6 dxc3 9. Bxf7+ Kxf7 10. Ng5+ Kg6 11. Qd3+ Bf5 12. Qxc3 Qe8+ 13. Be3 Bxd6 14. O-O Nd5 15. Qb3 Nxe3 16. fxe3 Kxg5 17. h4+ Kg6 18. Nd2 Qe6 19. Nc4 Ne5 20. e4 Bxe4 21. Nxe5+ Qxe5 22. Qf7+ Kh6 23. Rae1 Qh2+ 24. Kf2 Rhf8 0-1

[Event "Sherbrooke op-C"]
[Site "Sherbrooke CAN"]
[Date "2008.05.24"]
[Round "3"]
[White "Boutin, Andre"]
[Black "Pelosse, Jacques"]
[Result "0-1"]
[WhiteElo "1294"]
[BlackElo "1225"]
[PlyCount "92"]
[GameId "2160767910354686"]
[EventDate "2008.05.23"]
[EventType "swiss"]
[EventRounds "5"]
[EventCountry "CAN"]
[SourceTitle "EXT 2011"]
[Source "ChessBase"]
[SourceDate "2011.11.26"]
[SourceVersion "1"]
[SourceVersionDate "2011.11.26"]
[SourceQuality "1"]

1. e4 e6 2. d4 d5 3. Nc3 Bb4 4. e5 c5 5. Nf3 a6 6. Be3 Nc6 7. dxc5 Bxc3+ 8. bxc3 Nge7 9. Bd3 Qc7 10. Bd4 Bd7 11. O-O Ng6 12. Re1 Na7 13. Qd2 Bb5 14. a4 Bxd3 15. cxd3 Nc6 16. Qe3 O-O 17. Nd2 Qa5 18. Nb3 Qc7 19. a5 Nge7 20. f4 Nf5 21. Qd2 Nfxd4 22. cxd4 f6 23. Qc3 Rae8 24. Rf1 Re7 25. Qe1 Ref7 26. Qg3 fxe5 27. fxe5 Rxf1+ 28. Rxf1 Rxf1+ 29. Kxf1 Nxa5 30. Nxa5 Qxa5 31. Ke2 Qc7 32. Ke3 b5 33. cxb6 Qxb6 34. Qe1 a5 35. Qc3 a4 36. Kd2 Kf7 37. Kc1 Qa6 38. Kb2 Kg6 39. Ka3 Kf5 40. g3 Kg4 41. Qb4 Kh3 42. Qxa4 Qxa4+ 43. Kxa4 Kxh2 44. Kb5 Kxg3 45. Kc5 Kf4 46. Kc6 Kf5 0-1

[Event "Sherbrooke op-C"]
[Site "Sherbrooke CAN"]
[Date "2008.05.24"]
[Round "3"]
[White "Breton, Jules"]
[Black "Viens, Nicolas"]
[Result "0-1"]
[WhiteElo "1248"]
[BlackElo "1350"]
[PlyCount "80"]
[GameId "2160767910354687"]
[EventDate "2008.05.23"]
[EventType "swiss"]
[EventRounds "5"]
[EventCountry "CAN"]
[SourceTitle "EXT 2011"]
[Source "ChessBase"]
[SourceDate "2011.11.26"]
[SourceVersion "1"]
[SourceVersionDate "2011.11.26"]
[SourceQuality "1"]

1. e4 e5 2. Nf3 Nc6 3. d4 exd4 4. Nxd4 Bb4+ 5. c3 Bd6 6. Be3 Be7 7. Be2 d6 8. O-O Bd7 9. b4 Nxd4 10. Bxd4 Nf6 11. e5 dxe5 12. Bxe5 O-O 13. Qc2 Re8 14. Bd4 c6 15. Bd3 g6 16. Nd2 Bf8 17. Nf3 Bg7 18. h3 Nd5 19. Bxg7 Kxg7 20. Rad1 Kg8 21. Qb2 Qc8 22. Rfe1 Rxe1+ 23. Rxe1 Bxh3 24. Re4 Bf5 25. Rd4 Bxd3 26. Rxd3 h5 27. c4 Nf4 28. Re3 Qg4 29. Ne1 h4 30. Kf1 h3 31. gxh3 Nxh3 32. Rg3 Qxc4+ 33. Kg2 Nf4+ 34. Kh2 Nh5 35. Rg2 Re8 36. Qd2 Re2 37. Qd8+ Kh7 38. Nf3 Qf4+ 39. Kg1 Qxf3 40. Qd1 Rxf2 0-1

[Event "Sherbrooke op-C"]
[Site "Sherbrooke CAN"]
[Date "2008.05.24"]
[Round "3"]
[White "Lafleur, Sebastien"]
[Black "Bilodeau Savaria, Cendrina"]
[Result "1-0"]
[WhiteElo "1097"]
[BlackElo "986"]
[PlyCount "116"]
[GameId "2160767910354688"]
[EventDate "2008.05.23"]
[EventType "swiss"]
[EventRounds "5"]
[EventCountry "CAN"]
[SourceTitle "EXT 2011"]
[Source "ChessBase"]
[SourceDate "2011.11.26"]
[SourceVersion "1"]
[SourceVersionDate "2011.11.26"]
[SourceQuality "1"]

1. e4 c5 2. Bc4 d6 3. c3 e6 4. d4 cxd4 5. cxd4 Nc6 6. d5 exd5 7. Bxd5 Nf6 8. Bg5 Be7 9. Bxf6 Bxf6 10. Qb3 O-O 11. Ne2 Qb6 12. Qxb6 axb6 13. Nbc3 Nb4 14. O-O-O Nxd5 15. Nxd5 Rxa2 16. Nxf6+ gxf6 17. Kb1 Ra6 18. Rxd6 Be6 19. Nc3 Rfa8 20. Kc2 Rc8 21. Rhd1 Raa8 22. Rxb6 Rab8 23. Kd2 Rd8+ 24. Ke2 Rxd1 25. Kxd1 Rd8+ 26. Kc2 Rb8 27. Nb5 Rc8+ 28. Kb1 Bb3 29. Nc3 Be6 30. Rxb7 Rd8 31. f4 Kg7 32. h3 Rd2 33. g4 Bc4 34. e5 Bd3+ 35. Kc1 Rc2+ 36. Kd1 Rh2 37. e6 Bc2+ 38. Kc1 Ba4 39. Nxa4 Rh1+ 40. Kc2 Rh2+ 41. Kb3 Rxh3+ 42. Ka2 Re3 43. Rxf7+ Kg6 44. f5+ Kg5 45. Rxh7 Kf4 46. e7 Kf3 47. Nc3 Re5 48. b4 Kf4 49. b5 Ke3 50. b6 Kd4 51. Nb5+ Kc5 52. b7 Kxb5 53. b8=Q+ Kc4 54. Qxe5 fxe5 55. e8=Q Kd4 56. Re7 Kd3 57. Rxe5 Kc4 58. Qa4+ Kd3 1-0